[Event "32nd Bohuslavice Rapid Op"]
[Site "Bohuslavice CZE"]
[Date "2017.04.22"]
[Round "3.1"]
[White "Bures,M"]
[Black "Navara,D"]
[Result "0-1"]
[WhiteElo "2084"]
[BlackElo "2732"]
[EventType "swiss"]

1.Nf3 d5 2.c4 d4 3.e3 Nc6 4.exd4 Nxd4 5.Nxd4 Qxd4 6.Qf3 e5 7.Nc3 c6 8.d3 Bb4
9.Bd2 Nf6 10.a3 Ba5 11.b4 Bb6 12.Rc1 O-O 13.Be3 Qh4 14.c5 Bc7 15.Qg3 Qh5
16.Be2 Bg4 17.f3 Be6 18.Ne4 Nd5 19.Qg5 Qxg5 20.Bxg5 a5 21.Nc3 Nxc3 22.Rxc3
axb4 23.axb4 Ra4 24.O-O Rxb4 25.Ra1 e4 26.dxe4 Be5 27.Bd2 Rb2 28.Rd3 Rxd2
29.Rxd2 Bxa1 {#R} 0-1

[Event "32nd Bohuslavice Rapid Op"]
[Site "Bohuslavice CZE"]
[Date "2017.04.22"]
[Round "3.2"]
[White "Plat,V"]
[Black "Zalesky,K"]
[Result "1-0"]
[WhiteElo "2510"]
[BlackElo "2052"]
[EventType "swiss"]

1.d4 Nf6 2.c4 e6 3.g3 Bb4+ 4.Nd2 d5 5.Bg2 O-O 6.Qc2 Nbd7 7.Nf3 Ne4 8.O-O Bxd2
9.Nxd2 f5 10.Nxe4 fxe4 11.Bf4 g5 12.Be3 h6 13.f3 Nf6 14.h3 Kg7 15.fxe4 dxc4
16.Qxc4 c6 17.Qc3 Qc7 18.d5 e5 19.d6 Qxd6 20.Bc5 Qe6 21.Bxf8+ Kxf8 22.Rxf6+
{#r} 1-0

[Event "32nd Bohuslavice Rapid Op"]
[Site "Bohuslavice CZE"]
[Date "2017.04.22"]
[Round "3.3"]
[White "Slavinsky,R"]
[Black "Zwardon,V"]
[Result "0-1"]
[WhiteElo "2056"]
[BlackElo "2406"]
[EventType "swiss"]

1.Nf3 c5 2.g3 Nc6 3.Bg2 g6 4.O-O Bg7 5.c4 d6 6.Nc3 Bg4 7.h3 Bd7 8.e3 Qc8 9.Kh2
h5 10.d4 h4 11.g4 Nh6 12.d5 Na5 13.Qd3 Bxg4 14.Nxh4 Bf6 15.Nxg6 Bf5 16.e4 Bxg6
17.f4 Ng4+ 18.Kh1 Bd4 19.f5 Bh5 20.hxg4 Bxg4+ {#R} 0-1

[Event "32nd Bohuslavice Rapid Op"]
[Site "Bohuslavice CZE"]
[Date "2017.04.22"]
[Round "3.4"]
[White "Zpevak,P"]
[Black "Kaminsky,R"]
[Result "1-0"]
[WhiteElo "2351"]
[BlackElo "2096"]
[EventType "swiss"]

1.d4 d5 2.c4 c6 3.Nf3 Nf6 4.Qc2 Bg4 5.Ne5 e6 6.Nxg4 Nxg4 7.g3 Nd7 8.Bg2 Bb4+
9.Bd2 Bxd2+ 10.Nxd2 O-O 11.O-O Rc8 12.e3 Qg5 13.Qb3 b6 14.Rac1 h5 15.Nf3 Qh6
16.Qa4 Ngf6 17.Rc2 dxc4 18.Qxc4 c5 19.Rfc1 cxd4 20.Qxd4 Rxc2 21.Rxc2 Qg6
22.Rc1 Qf5 23.Qa4 a5 24.Qd4 Qb5 25.Bf1 Qf5 26.Nd2 Ne5 27.e4 Nf3+ 28.Nxf3 Qxf3
29.Bg2 Qe2 30.Qxb6 Ng4 31.h3 Ne5 32.Qxa5 Qxb2 33.Qc3 Qb8 34.a4 Rd8 35.a5 Nd3
36.Rd1 Rd6 37.Rxd3 Qb1+ 38.Bf1 {#r} 1-0

[Event "32nd Bohuslavice Rapid Op"]
[Site "Bohuslavice CZE"]
[Date "2017.04.22"]
[Round "4.1"]
[White "Navara,D"]
[Black "Sobek,J"]
[Result "1-0"]
[WhiteElo "2732"]
[BlackElo "2202"]
[EventType "swiss"]

1.e4 c5 2.Nf3 d6 3.d4 cxd4 4.Nxd4 Nf6 5.Nc3 a6 6.h3 e5 7.Nb3 Be6 8.f4 Qc7 9.g4
h6 10.f5 Bxb3 11.axb3 Nc6 12.Be3 Rc8 13.Bg2 Be7 14.O-O Nb4 15.Kh1 b5 16.Qd2
O-O 17.Bxh6 gxh6 18.Qxh6 Rfe8 19.g5 Nh7 20.g6 fxg6 21.fxg6 Bf8 22.Qh5 Re7
23.Rf2 Rg7 24.Raf1 Re8 25.gxh7+ Rxh7 26.Qxe8 {#r} 1-0

[Event "32nd Bohuslavice Rapid Op"]
[Site "Bohuslavice CZE"]
[Date "2017.04.22"]
[Round "4.3"]
[White "Zwardon,V"]
[Black "Orzechowski,J"]
[Result "1-0"]
[WhiteElo "2406"]
[BlackElo "2107"]
[EventType "swiss"]

1.c4 c6 2.Nc3 d5 3.d4 Nf6 4.cxd5 cxd5 5.Bf4 Nc6 6.e3 a6 7.Rc1 e6 8.Bd3 Be7
9.Nf3 Nh5 10.Be5 Nf6 11.Bg3 Nh5 12.Ne5 Nxg3 13.Nxc6 bxc6 14.hxg3 c5 15.dxc5
Bxc5 16.a3 Be7 17.e4 d4 18.Qa4+ Qd7 19.Qxd7+ Bxd7 20.Ne2 e5 21.f4 f6 22.Kd2
Be6 23.Rc6 Kd7 24.Rxa6 Rxa6 25.Bxa6 Ra8 26.Bb5+ Kc7 27.Rxh7 Bf8 28.fxe5 fxe5
29.Kd3 Rb8 30.a4 Kb6 31.Rh8 Bg4 32.b4 Bxe2+ 33.Kxe2 Rc8 34.Bd3 Rd8 35.a5+ Ka7
36.b5 Bb4 37.b6+ Kb8 38.Rxd8+ {#r} 1-0

[Event "32nd Bohuslavice Rapid Op"]
[Site "Bohuslavice CZE"]
[Date "2017.04.22"]
[Round "5.1"]
[White "Vesselovsky,S"]
[Black "Navara,D"]
[Result "0-1"]
[WhiteElo "2344"]
[BlackElo "2732"]
[EventType "swiss"]

1.Nf3 d5 2.e3 Nf6 3.c4 e6 4.b3 c5 5.Bb2 Nc6 6.cxd5 exd5 7.Bb5 Bd6 8.O-O O-O
9.Bxc6 bxc6 10.d3 Bg4 11.Nbd2 Nd7 12.h3 Bh5 13.Qc2 a5 14.a4 Rb8 15.Rac1 Re8
16.Ba3 Bg6 17.Rfe1 Qf6 18.Bb2 Qe6 19.e4 Bf4 20.Qc3 d4 21.Qc2 Bh5 22.Rb1 Bxf3
23.Nxf3 Qxb3 24.Qxb3 Rxb3 25.Bxd4 Rxb1 26.Rxb1 cxd4 27.Nxd4 Ne5 28.g3 Bd2
29.Kg2 c5 30.Nf5 g6 {#R} 0-1

[Event "32nd Bohuslavice Rapid Op"]
[Site "Bohuslavice CZE"]
[Date "2017.04.22"]
[Round "6.1"]
[White "Navara,D"]
[Black "Vrana,F"]
[Result "1-0"]
[WhiteElo "2732"]
[BlackElo "2240"]
[EventType "swiss"]

1.d4 f5 2.g3 Nf6 3.Bg2 g6 4.Nf3 Bg7 5.O-O O-O 6.b3 c6 7.Bb2 a5 8.c4 Ne4 9.Nc3
d5 10.e3 Nxc3 11.Bxc3 b5 12.Qc2 Ba6 13.Ng5 bxc4 14.Ne6 Qd6 15.Nxf8 cxb3
16.Qxb3 Bxf8 17.Rfc1 Bc8 18.Rab1 Nd7 19.Qa4 c5 20.dxc5 Nxc5 21.Qd4 Ne4 22.Qh8+
Kf7 23.Qxh7+ Ke8 24.Bg7 Bxg7 25.Qxg7 {#r} 1-0

[Event "32nd Bohuslavice Rapid Op"]
[Site "Bohuslavice CZE"]
[Date "2017.04.22"]
[Round "7.1"]
[White "Kriebel,T"]
[Black "Navara,D"]
[Result "0-1"]
[WhiteElo "2462"]
[BlackElo "2732"]
[EventType "swiss"]

1.e4 e5 2.Nf3 Nc6 3.Bb5 a6 4.Ba4 Nf6 5.O-O Be7 6.Re1 b5 7.Bb3 O-O 8.h3 Bb7
9.d3 d6 10.a3 Qd7 11.Nc3 Rfe8 12.Bg5 h6 13.Bd2 Nd8 14.Ne2 Ne6 15.c3 c5 16.Ng3
Bf8 17.Ba2 g6 18.b4 Bg7 19.Bb3 Rad8 20.a4 cxb4 21.cxb4 d5 22.Nxe5 Qc7 23.exd5
Nxd5 24.Rc1 Qd6 25.Ng4 Nxb4 26.Bxb4 Qxb4 27.Bxe6 Rxe6 28.Rxe6 fxe6 29.Rc7 bxa4
30.Qc1 Rxd3 31.Nxh6+ Kh7 32.Nf7 Rc3 33.Ng5+ Kg8 34.Rxc3 Qxc3 35.Qb1 Qa1
36.Qxa1 Bxa1 37.Nxe6 a3 38.Nc5 Bd5 39.Ne2 Bb2 {#R} 0-1

[Event "32nd Bohuslavice Rapid Op"]
[Site "Bohuslavice CZE"]
[Date "2017.04.22"]
[Round "7.2"]
[White "Plat,V"]
[Black "Cempel,J"]
[Result "1-0"]
[WhiteElo "2510"]
[BlackElo "2194"]
[EventType "swiss"]

1.d4 Nf6 2.c4 e6 3.g3 d5 4.Bg2 c6 5.Qc2 Be7 6.Nf3 Nbd7 7.O-O O-O 8.Nbd2 a6
9.e4 dxe4 10.Nxe4 Nxe4 11.Qxe4 c5 12.Be3 cxd4 13.Bxd4 Bf6 14.Rad1 Bxd4 15.Qxd4
Qa5 16.a3 e5 17.Qd6 f6 18.b4 Qb6 19.c5 Qxd6 20.Rxd6 a5 21.Rfd1 axb4 22.axb4
Nb8 23.Ne1 Na6 24.Ra1 Rb8 25.Nc2 Bf5 26.Ne3 g6 27.Rb6 e4 28.Nd5 Kg7 29.Bf1
Rfd8 30.Bc4 Bg4 31.Nxf6 Bf3 32.Nd5 h5 33.h4 Kh6 34.Re1 Re8 35.Nf6 Re7 36.Bxa6
{#r} 1-0

[Event "32nd Bohuslavice Rapid Op"]
[Site "Bohuslavice CZE"]
[Date "2017.04.22"]
[Round "7.4"]
[White "Zpevak,P"]
[Black "Machycek,L"]
[Result "1-0"]
[WhiteElo "2351"]
[BlackElo "2222"]
[EventType "swiss"]

1.d4 Nf6 2.c4 e6 3.Nf3 Bb4+ 4.Bd2 Qe7 5.g3 b6 6.Bg2 Bb7 7.O-O O-O 8.Nc3 d6
9.Rc1 c5 10.a3 Bxc3 11.Bxc3 Ne4 12.Be1 Nc6 13.Qd3 f5 14.e3 Rad8 15.b4 e5 16.d5
Nb8 17.Nh4 g6 18.Bxe4 fxe4 19.Qxe4 Nd7 20.Bc3 Bc8 21.f4 Nf6 22.Qg2 exf4
23.exf4 Qe3+ 24.Kh1 Ne4 25.Ba1 Bf5 26.Rce1 {#r} 1-0

[Event "32nd Bohuslavice Rapid Op"]
[Site "Bohuslavice CZE"]
[Date "2017.04.22"]
[Round "8.1"]
[White "Navara,D"]
[Black "Zpevak,P"]
[Result "1-0"]
[WhiteElo "2732"]
[BlackElo "2351"]
[EventType "swiss"]

1.e4 c5 2.Nf3 e6 3.d4 cxd4 4.Nxd4 Nc6 5.Nc3 Qc7 6.Be3 a6 7.Qf3 Nf6 8.O-O-O Be7
9.Be2 O-O 10.g4 d6 11.Kb1 Rb8 12.g5 Nd7 13.Qg3 b5 14.Nf5 b4 15.Nxe7+ Nxe7
16.Na4 e5 17.b3 Bb7 18.Bf3 Bc6 19.Nb2 Nc5 20.Bxc5 dxc5 21.Nc4 Ng6 22.Rd5 Bxd5
23.exd5 Rbd8 24.Rd1 Rd6 25.h4 Re8 26.Re1 Rdd8 27.h5 Nf4 28.d6 Qd7 29.Rxe5 Rxe5
30.Nxe5 Qf5 31.Nc6 {#r} 1-0

[Event "32nd Bohuslavice Rapid Op"]
[Site "Bohuslavice CZE"]
[Date "2017.04.22"]
[Round "8.4"]
[White "Zwardon,V"]
[Black "Rakus,P"]
[Result "1-0"]
[WhiteElo "2406"]
[BlackElo "2243"]
[EventType "swiss"]

1.c4 Nf6 2.g3 e6 3.Bg2 d5 4.Nf3 Be7 5.O-O O-O 6.b3 c5 7.Bb2 Nc6 8.cxd5 Nxd5
9.Na3 Bf6 10.Bxf6 Qxf6 11.Rc1 b6 12.Nc4 Ba6 13.a3 Rad8 14.Qc2 Nd4 15.Nxd4 Qxd4
16.d3 Ne7 17.Qa2 Bb5 18.b4 Bc6 19.Bxc6 Nxc6 20.bxc5 Qxc5 21.Nd2 Qd6 22.Ne4 Qd7
23.Rc4 Ne7 24.Rfc1 Nd5 25.Qc2 Qe7 26.a4 h6 27.Nc3 Nf6 28.Nb5 Nd5 29.Qb3 Rd7
30.Nd4 Qg5 31.Nf3 Qf6 32.Qb5 Rfd8 33.d4 Ne7 34.Rc7 Rxc7 35.Rxc7 Nf5 36.Rd7 a6
37.Qc6 b5 38.axb5 axb5 39.Qxb5 Rxd7 40.Qxd7 g6 41.Ne5 Kg7 42.e4 Nh4 43.gxh4
{#r} 1-0

[Event "32nd Bohuslavice Rapid Op"]
[Site "Bohuslavice CZE"]
[Date "2017.04.22"]
[Round "9.4"]
[White "Brecka,I"]
[Black "Bures,J"]
[Result "1-0"]
[WhiteElo "2316"]
[BlackElo "2386"]
[EventType "swiss"]

1.e4 c6 2.d4 d5 3.Nc3 dxe4 4.Nxe4 Bf5 5.Ng3 Bg6 6.h4 h6 7.Nf3 Nd7 8.h5 Bh7
9.Bd3 Bxd3 10.Qxd3 e6 11.Bf4 Qa5+ 12.Bd2 Bb4 13.c3 Be7 14.c4 Qc7 15.O-O-O Ngf6
16.Ne4 Nxe4 17.Qxe4 Nf6 18.Qc2 O-O-O 19.g3 c5 20.Bc3 Ng4 21.d5 Bf6 22.Bxf6
gxf6 23.dxe6 fxe6 24.Qe2 Kb8 25.Nh4 f5 26.Ng6 Rxd1+ 27.Rxd1 Rd8 28.Rxd8+ Qxd8
29.f3 Qg5+ 30.Kb1 Qxh5 31.Nh4 e5 32.fxg4 fxg4 33.Qe3 b6 34.a3 a5 35.Ka2 Ka7
36.Qe4 Qg5 37.Nf5 Qc1 38.Nd6 {#r} 1-0

[Event "Reykjavik Open 2017"]
[Site "Reykjavik ISL"]
[Date "2017.04.23"]
[Round "6.5"]
[White "Movsesian,S"]
[Black "Hambleton,A"]
[Result "1-0"]
[WhiteElo "2677"]
[BlackElo "2434"]

1.e4 c5 2.Nf3 e6 3.d4 cxd4 4.Nxd4 Nc6 5.Nc3 Qc7 6.g3 a6 7.Bg2 Nf6 8.O-O Nxd4
9.Qxd4 Bc5 10.Qd1 d6 11.Kh1 Bd7 12.a4 Bc6 13.Qe2 O-O 14.Bg5 Qe7 15.e5 Bxg2+
16.Kxg2 dxe5 17.Ne4 Rfc8 18.Qf3 Qc7 19.Bxf6 gxf6 20.Nxf6+ Kf8 21.Qg4 Qc6+
22.Kg1 Ke7 23.Qh4 Qf3 24.Ne4+ Ke8 25.Rad1 Be7 26.Qxh7 {#r} 1-0

[Event "Reykjavik Open 2017"]
[Site "Reykjavik ISL"]
[Date "2017.04.23"]
[Round "6.6"]
[White "Andreikin,D"]
[Black "Kunte,A"]
[Result "1-0"]
[WhiteElo "2734"]
[BlackElo "2491"]

1.Nf3 Nf6 2.g3 d5 3.Bg2 c6 4.c4 g6 5.Qa4 e6 6.d4 Bg7 7.Qa3 Qe7 8.Qxe7+ Kxe7
9.b3 Rd8 10.Ba3+ Ke8 11.Nc3 Bf8 12.Bxf8 Kxf8 13.O-O Bd7 14.Ne5 Be8 15.e3 Na6
16.f4 Rac8 17.g4 c5 18.f5 gxf5 19.gxf5 Ke7 20.Rf4 cxd4 21.exd4 Nh5 22.f6+ Nxf6
23.Raf1 Ne4 24.Nxe4 dxe4 25.Rxe4 f6 26.Nf3 Bg6 27.Re3 Nc7 28.Bh3 Rg8 29.Kf2
Rcd8 30.Bxe6 Nxe6 31.d5 Rd6 32.Nd4 Ra6 33.a4 Kd6 34.Nxe6 Bf5 35.c5+ Kd7 36.Nd4
{#r} 1-0

[Event "Reykjavik Open 2017"]
[Site "Reykjavik ISL"]
[Date "2017.04.23"]
[Round "6.10"]
[White "Can,E"]
[Black "Tarjan,J"]
[Result "1-0"]
[WhiteElo "2578"]
[BlackElo "2414"]

1.d4 d5 2.c4 e6 3.Nf3 Nf6 4.g3 Bb4+ 5.Bd2 Bd6 6.Nc3 O-O 7.Qc2 c5 8.cxd5 exd5
9.Bg2 Nc6 10.dxc5 Bxc5 11.O-O h6 12.Rad1 Qe7 13.Bf4 Rd8 14.Na4 Bb6 15.Nxb6
axb6 16.Be3 Ra6 17.a3 Ne4 18.Nd4 Bd7 19.Qb3 Bg4 20.Rfe1 Nf6 21.Nc2 Bf5 22.Bd4
Na5 23.Qb4 Qe6 24.Ne3 Nc6 25.Qb3 Nxd4 26.Rxd4 Bh3 27.Nxd5 Kh8 28.Bxh3 Qxh3
29.Nxf6 Rxd4 30.Qxf7 {#r} 1-0

[Event "Reykjavik Open 2017"]
[Site "Reykjavik ISL"]
[Date "2017.04.23"]
[Round "6.20"]
[White "Stefansson,H"]
[Black "Guramishvili,S"]
[Result "0-1"]
[WhiteElo "2566"]
[BlackElo "2363"]

1.c4 e5 2.Nc3 Nc6 3.g3 g6 4.Bg2 Bg7 5.e3 d6 6.Nge2 h5 7.h3 h4 8.g4 f5 9.gxf5
gxf5 10.d4 Nf6 11.Bxc6+ bxc6 12.dxe5 dxe5 13.Qxd8+ Kxd8 14.b3 Ke7 15.Bb2 Rd8
16.Na4 Ne4 17.f3 Ng3 18.f4 Nxh1 {#R} 0-1

[Event "Reykjavik Open 2017"]
[Site "Reykjavik ISL"]
[Date "2017.04.23"]
[Round "6.21"]
[White "Ramirez,Alej"]
[Black "Henderson de La Fuente,Lance"]
[Result "1-0"]
[WhiteElo "2555"]
[BlackElo "2372"]

1.c4 c5 2.g3 Nc6 3.Bg2 g6 4.Nc3 Bg7 5.d3 e5 6.h4 h6 7.Bd2 Nge7 8.h5 g5 9.f4
gxf4 10.gxf4 d6 11.Nf3 Bg4 12.Qa4 Qd7 13.O-O-O O-O-O 14.Rdg1 Rhg8 15.fxe5 dxe5
16.Be3 b6 17.Nd2 Be6 18.Nb5 Kb8 19.Nb3 Nd4 20.N3xd4 cxd4 21.Bd2 Nc8 22.Qa6 Bf8
23.Bf3 Rh8 24.Be1 Nd6 25.Bh4 Rc8 26.Bf6 Nxb5 27.Bxh8 Bd6 28.Bf6 e4 29.Bxe4
Bf4+ 30.Kb1 Nd6 31.Bf3 Nf5 32.Rg4 {#r} 1-0

[Event "Reykjavik Open 2017"]
[Site "Reykjavik ISL"]
[Date "2017.04.23"]
[Round "6.22"]
[White "Hjartarson,J"]
[Black "Aradhya,Garg"]
[Result "1-0"]
[WhiteElo "2536"]
[BlackElo "2315"]

1.d4 d5 2.c4 c6 3.Nc3 Nf6 4.e3 g6 5.Nf3 Bg7 6.Bd3 O-O 7.O-O Bg4 8.h3 Bxf3
9.Qxf3 dxc4 10.Bxc4 Nbd7 11.Rd1 e5 12.d5 e4 13.Nxe4 Nxe4 14.Qxe4 Nb6 15.Bb3
cxd5 16.Bxd5 Re8 17.Qf3 Nxd5 18.Rxd5 Qe7 19.Bd2 Bxb2 20.Rb1 Bg7 21.Ra5 Reb8
22.e4 Re8 23.e5 b6 24.Rxb6 axb6 25.Rxa8 Bxe5 26.Be3 Bc7 27.g4 Rxa8 28.Qxa8+
Qd8 29.Qc6 Qd1+ 30.Kg2 Bd8 31.Bh6 Qe1 32.Qa8 Qe7 33.Be3 Kg7 34.Bd4+ Kh6 35.Qc6
Qc7 36.g5+ Kxg5 37.Be3+ Kh5 38.Qf3+ {#r} 1-0

[Event "Reykjavik Open 2017"]
[Site "Reykjavik ISL"]
[Date "2017.04.23"]
[Round "6.23"]
[White "Harika,D"]
[Black "Stefansson,Vignir Vatnar"]
[Result "1-0"]
[WhiteElo "2521"]
[BlackElo "2341"]

1.d4 e6 2.e4 d5 3.Nd2 c5 4.Ngf3 Nc6 5.exd5 Qxd5 6.Bc4 Qd8 7.Nb3 cxd4 8.Nfxd4
Nxd4 9.Qxd4 Qxd4 10.Nxd4 Bd7 11.c3 Rc8 12.Be2 Bc5 13.Nb3 Bb6 14.a4 Bc6 15.a5
Bd8 16.a6 b6 17.Nd4 Ne7 18.O-O O-O 19.Rd1 e5 20.Nb5 Bxb5 21.Bxb5 Bc7 22.Bd7
Rb8 23.Bg5 Nc8 24.Rd5 h6 25.Be3 Ne7 26.Rd2 Rfd8 27.Rad1 Kf8 28.c4 f5 29.f3 f4
30.Bf2 Ng6 31.Bb5 Ne7 32.Bd7 Ng6 33.Ba4 Ne7 34.Rd7 Rxd7 35.Rxd7 Rc8 36.c5 Bd8
37.Rxa7 bxc5 38.Rb7 {#r} 1-0

[Event "Reykjavik Open 2017"]
[Site "Reykjavik ISL"]
[Date "2017.04.23"]
[Round "6.27"]
[White "Sarkar,J"]
[Black "Sachdev,T"]
[Result "1-0"]
[WhiteElo "2390"]
[BlackElo "2429"]

1.d4 Nf6 2.c4 e6 3.Nc3 Bb4 4.Qc2 O-O 5.a3 Bxc3+ 6.Qxc3 d5 7.Bg5 dxc4 8.Qxc4 b6
9.Nf3 Ba6 10.Qa4 c5 11.dxc5 bxc5 12.Rc1 Qb6 13.Bxf6 gxf6 14.Rc2 Rd8 15.e3 Bxf1
16.Rxf1 Nd7 17.Ke2 Rab8 18.Rd1 Ne5 19.Rxd8+ Rxd8 20.Nxe5 Qd6 21.Kf3 fxe5
22.Qc4 Qd1+ 23.Kg3 Kh8 24.h3 Qg1 25.Qxc5 Rg8+ 26.Kh4 h6 27.Qxe5+ Kh7 28.Qe4+
Rg6 29.g4 h5 30.Qf4 Rg7 31.Kxh5 Qh1 32.Qh6+ {#r} 1-0

[Event "Reykjavik Open 2017"]
[Site "Reykjavik ISL"]
[Date "2017.04.23"]
[Round "6.28"]
[White "Nihal,Sarin"]
[Black "Maroroa,S"]
[Result "1-0"]
[WhiteElo "2424"]
[BlackElo "2148"]

1.d4 Nf6 2.c4 g6 3.Nc3 Bg7 4.e4 d6 5.Nf3 O-O 6.Be2 e5 7.O-O Nbd7 8.Be3 Qe7
9.dxe5 dxe5 10.Nd5 Qd8 11.Qc2 c6 12.Nxf6+ Bxf6 13.c5 Qe7 14.Rfd1 Re8 15.h3 Nf8
16.Rd6 Ne6 17.Rad1 Nf4 18.Bc4 g5 19.R1d2 Kg7 20.Nh2 h5 21.Qd1 Rh8 22.Nf1 Qf8
23.Ng3 Be7 24.Bxf4 gxf4 25.Nxh5+ Kg8 26.Rd8 {#r} 1-0

[Event "Reykjavik Open 2017"]
[Site "Reykjavik ISL"]
[Date "2017.04.23"]
[Round "6.32"]
[White "Entem,A"]
[Black "Firat,B"]
[Result "0-1"]
[WhiteElo "2200"]
[BlackElo "2503"]

1.e4 c5 2.Nf3 e6 3.d4 cxd4 4.Nxd4 Nc6 5.Nc3 Qc7 6.Be3 a6 7.Qd2 Nf6 8.O-O-O Bb4
9.f3 Ne7 10.Nb3 d5 11.e5 Nd7 12.f4 b6 13.Bd3 Bb7 14.Rhe1 Rc8 15.Bd4 Nc5 16.Kb1
Nxb3 17.cxb3 Nc6 18.Bf1 Nxd4 19.Qxd4 Qc5 20.a3 Qxd4 21.Rxd4 Bc5 22.Rd2 b5
23.Ne2 Be3 24.Rd3 Bf2 25.Rc1 Rxc1+ 26.Kxc1 Ke7 27.Nd4 f6 28.exf6+ gxf6 29.Kd2
e5 30.Rc3 Kd7 31.Nc2 e4 32.Ke2 Bg1 33.Rg3 d4 34.Rg7+ Kc8 35.Nb4 a5 36.Na6 Bxa6
{#R} 0-1

[Event "Reykjavik Open 2017"]
[Site "Reykjavik ISL"]
[Date "2017.04.23"]
[Round "6.34"]
[White "Pigott,J"]
[Black "Motycakova,M"]
[Result "1-0"]
[WhiteElo "2381"]
[BlackElo "2162"]

1.c4 e5 2.g3 Nf6 3.Bg2 d5 4.cxd5 Nxd5 5.Nf3 Nc6 6.O-O Nb6 7.b3 Be7 8.Bb2 Bf6
9.Nc3 Bf5 10.d3 e4 11.Nh4 Be6 12.dxe4 Bxh4 13.gxh4 Qxh4 14.Qd3 a6 15.Nd5 O-O-O
16.Rfd1 Kb8 17.Qe3 Nd7 18.Rac1 h5 19.Nxc7 Kxc7 20.Rxc6+ bxc6 21.Qa7+ Kc8
22.Rc1 Bc4 23.Rxc4 Rh6 24.Qxa6+ Kc7 25.Qa7+ Kc8 26.e5 Qxc4 27.bxc4 Rg6 28.Kf1
Nxe5 29.Qa8+ {#r} 1-0

[Event "Reykjavik Open 2017"]
[Site "Reykjavik ISL"]
[Date "2017.04.23"]
[Round "6.35"]
[White "Thorgeirsson,Jon Kristinn"]
[Black "Derakhshani,D"]
[Result "1-0"]
[WhiteElo "2189"]
[BlackElo "2351"]

1.e4 c6 2.Nc3 d5 3.Nf3 Nf6 4.e5 Ne4 5.d4 Qb6 6.Bd3 Nxc3 7.bxc3 c5 8.O-O c4
9.Be2 e6 10.Qd2 Qa5 11.Qf4 h6 12.Bd2 Bd7 13.Nh4 Ba4 14.Bh5 Qc7 15.Qg4 Qd7
16.f4 Kd8 17.f5 exf5 18.Rxf5 g6 19.Bxg6 fxg6 20.Nxg6 Rg8 21.e6 Qg7 22.Rxf8+
Be8 23.e7+ {#r} 1-0

[Event "Reykjavik Open 2017"]
[Site "Reykjavik ISL"]
[Date "2017.04.23"]
[Round "6.37"]
[White "Kavutskiy,K"]
[Black "Heimisson,Hilmir Freyr"]
[Result "1-0"]
[WhiteElo "2347"]
[BlackElo "2152"]

1.d4 f5 2.g3 Nf6 3.Bg2 e6 4.c4 d5 5.Nd2 c6 6.Nh3 Bd6 7.Qc2 O-O 8.O-O Bd7 9.Nf3
Nh5 10.Ne5 Bxe5 11.dxe5 h6 12.Rd1 Na6 13.b3 b5 14.Ba3 b4 15.Bb2 Qe7 16.cxd5
cxd5 17.e4 fxe4 18.Qe2 Nxg3 19.hxg3 Nc5 20.Nf4 Rxf4 21.gxf4 Rf8 22.Qe3 Nd3
23.Rxd3 exd3 24.a4 Be8 25.Bd4 Qh4 26.Qg3 Qxf4 27.Qxf4 Rxf4 28.Bxa7 Bc6 29.Rd1
Rf5 30.Bd4 Rg5 31.Rxd3 h5 32.Kh2 Rg4 33.Bh3 Rf4 34.Bxe6+ Kf8 35.Bc5+ Ke8
36.Bxd5 Rh4+ 37.Kg3 Rg4+ 38.Kf3 {#r} 1-0

[Event "Reykjavik Open 2017"]
[Site "Reykjavik ISL"]
[Date "2017.04.23"]
[Round "6.41"]
[White "Piasetski,L"]
[Black "Doknjas,Joshua"]
[Result "1-0"]
[WhiteElo "2300"]
[BlackElo "2123"]

1.c4 c5 2.Nf3 Nc6 3.d4 cxd4 4.Nxd4 Qb6 5.Nb3 e6 6.Nc3 Nf6 7.Bg5 h6 8.Bxf6 gxf6
9.e3 Be7 10.Be2 Na5 11.c5 Qb4 12.Qd4 Qxd4 13.exd4 Nxb3 14.axb3 d6 15.b4 Kd7
16.O-O a6 17.Rfc1 Rb8 18.Na4 Bd8 19.b5 axb5 20.Bxb5+ Ke7 21.Nb6 Bxb6 22.cxb6
Rd8 23.Rc7+ Bd7 24.Rac1 Ra8 25.Rxb7 Ra2 26.b3 Rb2 27.Ba4 Ke8 28.Rxd7 Rxd7
29.b7 {#r} 1-0

[Event "Reykjavik Open 2017"]
[Site "Reykjavik ISL"]
[Date "2017.04.23"]
[Round "6.45"]
[White "Kristjansson,O"]
[Black "Maisuradze,N"]
[Result "0-1"]
[WhiteElo "2102"]
[BlackElo "2273"]

1.e4 c5 2.Nf3 Nc6 3.d4 cxd4 4.Nxd4 e5 5.Nb5 d6 6.N1c3 a6 7.Na3 b5 8.Nd5 Nge7
9.c4 Nd4 10.Be3 Nxd5 11.cxd5 g6 12.Nc2 Bg4 13.f3 Nxc2+ 14.Qxc2 Rc8 15.Qd2 Bd7
16.Bd3 Be7 17.O-O O-O 18.f4 Bf6 19.Rf2 exf4 20.Bxf4 Bd4 21.Bxd6 Re8 22.Kh1
Bxf2 23.Qxf2 Bf5 24.Qf4 Bxe4 25.Bxe4 Rc4 26.Rf1 f5 {#R} 0-1

[Event "Reykjavik Open 2017"]
[Site "Reykjavik ISL"]
[Date "2017.04.23"]
[Round "6.46"]
[White "Guezennec,F"]
[Black "Prieto,Alberto"]
[Result "1-0"]
[WhiteElo "2271"]
[BlackElo "1999"]

1.e4 e5 2.Nf3 Nc6 3.Bc4 Nf6 4.d3 Bc5 5.c3 d6 6.Nbd2 a6 7.Bb3 Be6 8.O-O O-O
9.a4 Qe7 10.a5 h6 11.Ra4 d5 12.exd5 Nxd5 13.Re1 Rad8 14.Nxe5 Nxe5 15.Rxe5
Bxf2+ 16.Kxf2 Qf6+ 17.Nf3 b5 18.axb6 cxb6 19.Rd4 Nc7 20.Rxd8 Rxd8 21.Bxe6 fxe6
22.Qe2 g5 23.h3 h5 24.Bxg5 {#r} 1-0

[Event "Reykjavik Open 2017"]
[Site "Reykjavik ISL"]
[Date "2017.04.23"]
[Round "6.53"]
[White "Tunge,Christian"]
[Black "Ristoja,S"]
[Result "0-1"]
[WhiteElo "2055"]
[BlackElo "2228"]

1.c4 b6 2.Nc3 Bb7 3.Nf3 Nf6 4.g3 e6 5.Bg2 Bb4 6.Qc2 O-O 7.O-O c5 8.a3 Bxc3
9.Qxc3 Nc6 10.d4 cxd4 11.Nxd4 Nxd4 12.Qxd4 Bxg2 13.Kxg2 d5 14.cxd5 Nxd5 15.Rd1
f5 16.e4 fxe4 17.Qxe4 Qf6 18.Qe2 Kh8 19.Rb1 Qf5 20.Bd2 Rac8 21.Rdc1 Rc2
22.Rxc2 Qxc2 23.Qd1 Qf5 24.Be1 Ne3+ {#R} 0-1

[Event "Reykjavik Open 2017"]
[Site "Reykjavik ISL"]
[Date "2017.04.23"]
[Round "6.54"]
[White "Tokranovs,Dmitrijs"]
[Black "Magnusson,M"]
[Result "1-0"]
[WhiteElo "2227"]
[BlackElo "1978"]

1.e4 e5 2.Nf3 Nc6 3.Bc4 Nf6 4.Ng5 d5 5.exd5 Nd4 6.c3 b5 7.Bf1 Nxd5 8.cxd4 Qxg5
9.Bxb5+ Kd8 10.O-O Bb7 11.Qf3 Rb8 12.d3 Qg6 13.Qg3 exd4 14.Qh4+ f6 15.Qxd4 Bd6
16.f3 Qh5 17.h3 c6 18.Bc4 c5 19.Qg4 Qe5 20.Nc3 Nxc3 21.bxc3 g5 22.f4 Qxc3
23.Qe6 Kc7 24.Qf7+ Kd8 25.Rb1 Qd4+ 26.Rf2 Re8 27.Bb2 Bc6 28.Bb3 Rxb3 29.axb3
Qe3 30.Bxf6+ Kc8 31.Bxg5 c4 32.Qxc4 Kd7 33.b4 Qb6 34.b5 {#r} 1-0

[Event "Reykjavik Open 2017"]
[Site "Reykjavik ISL"]
[Date "2017.04.23"]
[Round "6.56"]
[White "Larson,G"]
[Black "Saptarshi,R"]
[Result "0-1"]
[WhiteElo "2104"]
[BlackElo "2425"]

1.e4 d5 2.exd5 Qxd5 3.Nc3 Qa5 4.d4 Nf6 5.Nf3 c6 6.Bc4 Bf5 7.Bd2 Qc7 8.Ne5 e6
9.g4 Bg6 10.Qe2 Nbd7 11.O-O-O Nb6 12.h4 Nxc4 13.Qxc4 Be4 14.Rh3 Bd5 15.Nxd5
Nxd5 16.Rf3 f6 17.Nd3 b5 18.Qb3 Bd6 19.Re1 O-O 20.Rxe6 Qd7 21.Re1 Qxg4 22.Nb4
Bxb4 23.Bxb4 Rfe8 24.Rfe3 Rxe3 25.Rxe3 g5 26.Rg3 Qxh4 27.Bc5 Qh1+ 28.Kd2 Qf1
29.Qf3 Re8 30.a3 Qe1+ 31.Kd3 Nf4+ 32.Qxf4 Qe2+ 33.Kc3 Qc4+ {#R} 0-1

[Event "Reykjavik Open 2017"]
[Site "Reykjavik ISL"]
[Date "2017.04.23"]
[Round "6.57"]
[White "Karason,A"]
[Black "Jonsson,Gauti Pall"]
[Result "1-0"]
[WhiteElo "2289"]
[BlackElo "2087"]

1.d4 Nf6 2.c4 e6 3.Nf3 b6 4.a3 Ba6 5.Qc2 Bb7 6.Nc3 d5 7.cxd5 exd5 8.Bg5 Be7
9.e3 O-O 10.Bd3 h6 11.Bh4 Nbd7 12.O-O Rc8 13.Rfd1 c5 14.dxc5 bxc5 15.Bf5 d4
16.exd4 Bxf3 17.gxf3 Nh5 18.Bxe7 Qxe7 19.Qe4 Qg5+ 20.Qg4 Nhf6 21.Qxg5 hxg5
22.dxc5 Nxc5 23.Bxc8 Rxc8 24.Nd5 Nxd5 25.Rxd5 Ne6 26.Rad1 Rc2 27.R5d2 Rc4
28.Rb1 Nf4 29.b4 Rc3 30.a4 Rxf3 31.Ra2 Nd5 32.Rc2 Nc3 33.Kg2 g4 34.Rb3 Nxa4
35.Rxf3 gxf3+ 36.Kxf3 Nb6 37.Ke4 Na4 38.Kd5 {#r} 1-0